ENG 299 technical writing for engineers

সংরক্ষণ করুন:
গ্রন্থ-পঞ্জীর বিবরন
সংস্থা লেখক: Colorado technical university
বিন্যাস: গ্রন্থ
ভাষা:Undetermined
প্রকাশিত: Boston Pearson Custom Publishing 2008
বিষয়গুলি:
ট্যাগগুলো: ট্যাগ যুক্ত করুন
কোনো ট্যাগ নেই, প্রথমজন হিসাবে ট্যাগ করুন!
Thư viện lưu trữ: Trung tâm Học liệu Trường Đại học Cần Thơ
LEADER 00549nam a2200181Ia 4500
001 CTU_191452
008 210402s9999 xx 000 0 und d
082 |a 620.00149 
082 |b C718 
110 |a Colorado technical university 
245 0 |a ENG 299 technical writing for engineers 
245 0 |c Colorado technical university 
260 |a Boston 
260 |b Pearson Custom Publishing 
260 |c 2008 
650 |a Technical writing,Văn bản kỹ thuật 
904 |i Qhieu 
980 |a Trung tâm Học liệu Trường Đại học Cần Thơ